000 00930cam a2200313 a 4500
003 OSt
005 20140310184333.0
008 050616s2006 nyu c 000 1 eng
010 _a 2005017519
020 _a0439443830 (hdbk.)
040 _aDLC
_cDLC
_dDLC
042 _alcac
050 0 0 _aPZ 7
_b.L87734 2008
100 1 _aLord, Cynthia.
_923964
245 1 0 _aRules /
_cCynthia Lord.
250 _a1st ed.
260 _aNew York :
_bScholastic,
_c2008.
300 _a200 p. :
_c22 cm.
521 _aG5
526 _c780
650 1 _aAutism
_vFiction.
_923965
650 1 _aBrothers and sisters
_vFiction.
_923966
650 1 _aPeople with disabilities
_vFiction.
_923967
906 _a7
_bcbc
_corignew
_d1
_eecip
_f20
_gy-gencatlg
942 _2lcc
_cBK-SCHOLAS
999 _c33692
_d33692